Statistiques concernant Clubs de Premier League et Championship (2022-2023)

Cliquez ici pour prendre le quiz!

Statistiques générales

  • Ce quiz a été pris 155 fois
  • Le résultat moyen est 25 sur 44

Statistiques - réponses

% Correct
Premier LeagueManchester United
99%
Premier LeagueManchester City
98%
Premier LeagueTottenham Hotspurs
97%
Premier LeagueArsenal FC
96%
Premier LeagueChelsea FC
96%
Premier LeagueLiverpool FC
96%
Premier LeagueEverton FC
83%
Premier LeagueWest Ham United
83%
Premier LeagueAston Villa
82%
Premier LeagueBrighton & Hove Albion
78%
Premier LeagueLeeds United
78%
Premier LeagueLeicester City
78%
Premier LeagueFulham FC
75%
Premier LeagueNewcastle United
74%
ChampionshipNorwich City
73%
Premier LeagueWolverhampton FC
73%
Premier LeagueCrystal Palace
71%
ChampionshipBurnley FC
70%
Premier LeagueSouthampton FC
70%
Premier LeagueNottingham Forest
69%
Premier LeagueAFC Bournemouth
63%
ChampionshipSheffield United
62%
Premier LeagueBrentford FC
59%
ChampionshipSunderland AFC
55%
ChampionshipWatford FC
55%
ChampionshipBirmingham City
52%
ChampionshipQueens Park Rangers
46%
ChampionshipWest Bromwich Albion
44%
ChampionshipSwansea City
42%
ChampionshipCardiff City
38%
ChampionshipBlackburn Rovers
37%
ChampionshipHull City
33%
ChampionshipLuton Town
33%
ChampionshipCoventry City
31%
ChampionshipMiddlesbrough FC
28%
ChampionshipStoke City
28%
ChampionshipWigan Athletic
28%
ChampionshipHuddersfield Town
27%
ChampionshipBristol City
26%
ChampionshipBlackpool FC
23%
ChampionshipMilwall FC
23%
ChampionshipReading FC
23%
ChampionshipPreston North End
18%
ChampionshipRotherham United
10%

Distribution des résultats

Percentile par nombre de réponses

% des personnes avec chaque résultat

Votre développement - résultats

Vous n’avez pas pris ce quiz